000 00814cam a22001935a 4500
001 ##J100746
008 000000s1911 000 0 eng u
035 _a(Sirsi) u100746
041 0 _aeng
050 0 4 _a333.0062 $2 18
110 2 _aSurveyors' Institution
_93783
245 _aExaminations
260 _aLondon
_bSurveyors' Institution
_c1908-11
300 _a1
_fv.
_c22cm.
505 _aRules of examination 1910 - Syllabus of subjects and examples of papers 1911 - Charter and byelaws 1910 - Special-certificate examinations 1908 - Scottish examinations 1908 - Rules of the Surveyors' Institution examinations in Ireland 1908 - Constitiution and regulations of provincial committees 1908
651 4 _aGreat Britain
_y1707-
690 _aCAREERS, EDUCATION AND TRAINING-QUALIFICATION ROUTES
942 _n0
999 _c99795
_d99795